000 00275nam a22001217a 4500
082 _a200
_bPAR/J
100 _aPAROKARAN, FR.JOHN
245 _aMY JOURNEY WITH JESUS
260 _aCHALAKUDY
_bDIVINE PRINTERS
_c2008
300 _a270
650 _aRELIGIOUS
_zKERALA
942 _cBK
999 _c5192
_d5192